<?xml version="1.0" encoding="UTF-8"?>
<record
    xmlns:xsi="http://www.w3.org/2001/XMLSchema-instance"
    xsi:schemaLocation="http://www.loc.gov/MARC21/slim http://www.loc.gov/standards/marcxml/schema/MARC21slim.xsd"
    xmlns="http://www.loc.gov/MARC21/slim">

  <leader>00868nam a2200193Ia 4500</leader>
  <controlfield tag="001">23812</controlfield>
  <controlfield tag="003">GE_BSU</controlfield>
  <controlfield tag="008">181216s||||||||xx |||||||||||||| ||und||</controlfield>
  <datafield tag="040" ind1=" " ind2=" ">
    <subfield code="c">GE_BSU</subfield>
  </datafield>
  <datafield tag="245" ind1=" " ind2=" ">
    <subfield code="a">&#x10D0;&#x10E3;&#x10D3;&#x10D8;&#x10E2;&#x10D8;, &#x10D0;&#x10E6;&#x10E0;&#x10D8;&#x10EA;&#x10EE;&#x10D5;&#x10D0;, &#x10E4;&#x10D8;&#x10DC;&#x10D0;&#x10DC;&#x10E1;&#x10D4;&#x10D1;&#x10D8;. &#x2116;10(226) 2018.</subfield>
  </datafield>
  <datafield tag="245" ind1=" " ind2=" ">
    <subfield code="b">&#x10E7;&#x10DD;&#x10D5;&#x10D4;&#x10DA;&#x10D7;&#x10D5;&#x10D8;&#x10E3;&#x10E0;&#x10D8; &#x10DF;&#x10E3;&#x10E0;&#x10DC;&#x10D0;&#x10DA;&#x10D8; &#x10DB;&#x10D4;&#x10EC;&#x10D0;&#x10E0;&#x10DB;&#x10D4;&#x10D4;&#x10D1;&#x10D8;&#x10E1;&#x10D0; &#x10D3;&#x10D0; &#x10E4;&#x10D8;&#x10DC;&#x10D0;&#x10DC;&#x10E1;&#x10D8;&#x10E1;&#x10E2;&#x10D4;&#x10D1;&#x10D8;&#x10E1;&#x10D0;&#x10D7;&#x10D5;&#x10D8;&#x10E1;</subfield>
  </datafield>
  <datafield tag="245" ind1=" " ind2=" ">
    <subfield code="c">&#x10D2;&#x10D4;&#x10DC;.&#x10D3;&#x10D8;&#x10E0;.&#x10E4;&#x10E0;&#x10D8;&#x10D3;&#x10DD;&#x10DC; &#x10D0;&#x10DA;&#x10E8;&#x10D8;&#x10D1;&#x10D0;&#x10D8;&#x10D0;,. &#x10DB;&#x10D7;.&#x10E0;&#x10D4;&#x10D3;.&#x10D2;&#x10D8;&#x10DD;&#x10E0;&#x10D2;&#x10D8; &#x10EA;&#x10D4;&#x10E0;&#x10EA;&#x10D5;&#x10D0;&#x10EB;&#x10D4;.</subfield>
  </datafield>
  <datafield tag="260" ind1=" " ind2=" ">
    <subfield code="a">&#x10D7;&#x10D1;&#x10D8;&#x10DA;&#x10D8;&#x10E1;&#x10D8;</subfield>
  </datafield>
  <datafield tag="260" ind1=" " ind2=" ">
    <subfield code="c">2018&#x10EC;&#x10D4;&#x10DA;&#x10D8;</subfield>
  </datafield>
  <datafield tag="300" ind1=" " ind2=" ">
    <subfield code="a">56&#x10D2;&#x10D5;;30&#x10E1;&#x10DB;;</subfield>
  </datafield>
  <datafield tag="653" ind1=" " ind2=" ">
    <subfield code="a">&#x10D0;&#x10E3;&#x10D3;&#x10D8;&#x10E2;&#x10D8;, &#x10D0;&#x10E6;&#x10E0;&#x10D8;&#x10EA;&#x10EE;&#x10D5;&#x10D0;, &#x10E4;&#x10D8;&#x10DC;&#x10D0;&#x10DC;&#x10E1;&#x10D4;&#x10D1;&#x10D8;. &#x2116;10(226) 2018.</subfield>
  </datafield>
  <datafield tag="653" ind1=" " ind2=" ">
    <subfield code="a">&#x10DE;&#x10D4;&#x10E0;&#x10D8;&#x10DD;&#x10D3;&#x10D8;&#x10D9;&#x10D0;</subfield>
  </datafield>
  <datafield tag="942" ind1=" " ind2=" ">
    <subfield code="c">CR</subfield>
  </datafield>
  <datafield tag="999" ind1=" " ind2=" ">
    <subfield code="c">56690</subfield>
    <subfield code="d">56690</subfield>
  </datafield>
  <datafield tag="952" ind1=" " ind2=" ">
    <subfield code="0">0</subfield>
    <subfield code="1">0</subfield>
    <subfield code="4">0</subfield>
    <subfield code="7">0</subfield>
    <subfield code="9">82628</subfield>
    <subfield code="d">2018-12-17</subfield>
    <subfield code="p">p79780</subfield>
    <subfield code="r">2018-12-17</subfield>
    <subfield code="w">2018-12-17</subfield>
    <subfield code="y">CR</subfield>
    <subfield code="z">&#x10DE;&#x10D4;&#x10E0;&#x10D8;&#x10DD;&#x10D3;&#x10D8;&#x10D9;&#x10D0;</subfield>
  </datafield>
  <datafield tag="952" ind1=" " ind2=" ">
    <subfield code="0">0</subfield>
    <subfield code="1">0</subfield>
    <subfield code="4">0</subfield>
    <subfield code="7">0</subfield>
    <subfield code="9">82629</subfield>
    <subfield code="d">2018-12-17</subfield>
    <subfield code="p">p79779</subfield>
    <subfield code="r">2018-12-17</subfield>
    <subfield code="w">2018-12-17</subfield>
    <subfield code="y">CR</subfield>
    <subfield code="z">&#x10DE;&#x10D4;&#x10E0;&#x10D8;&#x10DD;&#x10D3;&#x10D8;&#x10D9;&#x10D0;</subfield>
  </datafield>
</record>
